000
00319nam a2200133Ia 4500
008
190216s9999||||xx |||||||||||||| ||und||
100
_a
Kamaludheen. Ta
245
0
_a
Theory Of Economic Planning
250
_a
1st Ed.
260
_b
Kerala Bhasha Institute
_c
1971
300
_a
240
650
_a
Economics
942
_c
BK
999
_c
38192
_d
38192